000 00290nam a22001217a 4500
008 230823b |||||||| |||| 00| 0 eng d
020 _a9781423455301
082 _a801.1
245 _aEssential songs for Flute.
260 _bHal Leonard.
300 _a144 p:
_b illus;
_c30 com
942 _2ddc
999 _c9687
_d9688